| 000 | 00928cab a2200253 4500 | ||
|---|---|---|---|
| 001 | WB3009-38 | ||
| 008 | 090401t1994 xxu||||| |||| 00| 0 eng d | ||
| 035 | _a(Sirsi) u30740 | ||
| 041 | _aeng | ||
| 245 | _aCommunity care | ||
| 260 | _c1994 | ||
| 350 | _a0 | ||
| 490 |
_aEstates Gazette _v(9408) 26 February 1994, 117(1) |
||
| 520 | _aDiscusses whether a proposal to house former inmates of a mental institution in a residential area as part of Care in the Community policy is a breach of a restrictive covenant as raised in "National Schizophrenia Fellowship v Ribble Estates SA" (1994 03 EG 132) | ||
| 650 | _aCARE IN THE COMMUNITY | ||
| 650 | _aCOMMUNITY CARE | ||
| 650 | _aNATIONAL SCHIZOPHRENIA FELLOWSHIP V RIBBLE ESTATES SA | ||
| 650 | _aRESIDENTIAL AREA | ||
| 650 | _aRESTRICTIVE COVENANT | ||
| 650 | _aTOD-HEATLEY V BENHAM | ||
| 690 | _aPROPERTY LAW AND PRACTICE | ||
| 942 | _n0 | ||
| 948 | _c04/03/1997 | ||
| 999 |
_c20718 _d20718 |
||